| 000 | 01329 a2200337 4500 | ||
|---|---|---|---|
| 001 | 76340 | ||
| 999 |
_c76340 _d7664 |
||
| 003 | TR-AnTOB | ||
| 005 | 20240826144732.0 | ||
| 008 | 130407s20082011nyu 000 0 | ||
| 020 | _a9780789399908 | ||
| 040 | _aTR-AnTOB | ||
| 041 | _aeng | ||
| 050 | 1 | 4 |
_aHT123 _b.G65 2008 |
| 090 | _aOVRSZ HT123 .G65 2008 | ||
| 100 | 1 |
_aGoodspeed, M. Hill _959461 |
|
| 245 | 0 |
_aSkylines : _bAmerica.s cities yesterday and today / _ctext by M. Hill Goodspeed. |
|
| 264 | 1 |
_aNew York City, NY : _bUniverse Publications, _cc2008. |
|
| 300 |
_a224 p. : _bill. (some col.), col. maps ; _c32 x 46 cm. |
||
| 650 | 0 |
_aFotoğrafçılık, Panoramik _zAmerika Birleşik Devletleri _959465 |
|
| 650 | 0 |
_aPhotography, Panoramic _zUnited States _959469 |
|
| 650 | 0 |
_aSkyscrapers _zUnited States _vPictorial works _959468 |
|
| 650 | 0 |
_aCities and towns _zUnited States _xHistory _vPictorial works _959467 |
|
| 650 | 0 |
_aCities and towns _zUnited States _vPictorial works _959466 |
|
| 650 | 0 |
_aGökdelenler _zAmerika Birleşik Devletleri _vResimli çalışmalar _959464 |
|
| 650 | 0 |
_aKentler ve kasabalar _zAmerika Birleşik Devletleri _vResimli çalışmalar _959462 |
|
| 650 | 0 |
_aKentler ve kasabalar _zAmerika Birleşik Devletleri _xTarih _vResimli çalışmalar _959463 |
|
| 902 | _a0031348 | ||
| 903 | _aMerkez Kütüphane | ||
| 945 | _aMC | ||
| 942 | _cBK | ||